| 000 | 00457nam a2200157 i 4500 | ||
|---|---|---|---|
| 001 | 31957 | ||
| 003 | ES-MaACL | ||
| 005 | 20230906154500.0 | ||
| 007 | t| | ||
| 008 | 030130s1929 mx ||||1| spa d | ||
| 100 | 1 |
_aBenítez, José R. _927608 |
|
| 245 | 1 | 0 |
_aHistoria gráfica de la Nueva España / _cJosé R. Benítez. |
| 260 |
_aMéxico : _b[s.n., _c1929] ( _eBarcelona : _fOliva de Vilanova) |
||
| 300 |
_a306 p. ; _c29 cm. |
||
| 852 |
_aES-MaACL _jB-12038 |
||
| 999 |
_c31957 _d31957 |
||